Most z predpätého betónu cez rieku Moravu

Saved in:
Bibliographic Details
Main Author: Drinka, Jozef (Author)
Other Authors: Fillo, Ľudovít (Thesis advisor)
Format: Manuscript Book
Language:Slovak
Published: 2017
Subjects:
Online Access:http://is.stuba.sk/zp/portal_zp.pl?podrobnosti=132273
https://opac.crzp.sk/?fn=detailBiblioForm&sid=CBCDB6E5622FB9C0D3504428BE80
Tags: Add Tag
No Tags, Be the first to tag this record!

MARC

LEADER 00000ntm a22000003a 4500
001 stuzp51911
003 SK-STU
005 20230810092837.9
007 ta
008 150427s2015----xo-----f-mn---000-0-slo-d
040 |a STU  |b slo 
041 0 |a slo 
100 1 |a Drinka, Jozef  |u 010110  |4 aut  |U SvF Stavebná fakulta  |T SvF Katedra betónových konštrukcií a mostov  |X 7244  |U V110  |Y 11  |7 A000007244 
242 0 1 |a Prestressed concrete bridge across the river Morava  |y eng 
245 1 0 |a Most z predpätého betónu cez rieku Moravu 
260 |c 2017 
650 4 |a predpínanie  |2 slo 
650 4 |a inudačné územie  |2 slo 
650 4 |a komorový prierez  |2 slo 
650 4 |a pevná skruž  |2 slo 
650 4 |a box-section  |2 eng 
650 4 |a inundation area  |2 eng 
650 4 |a fixedcentering  |2 eng 
700 1 |a Fillo, Ľudovít  |u 010110  |k Z1  |4 ths  |U SvF Stavebná fakulta  |T SvF Katedra betónových konštrukcií a mostov  |X 932  |U V110  |Y 11  |7 A000000932 
856 4 |u http://is.stuba.sk/zp/portal_zp.pl?podrobnosti=132273 
856 4 |u https://opac.crzp.sk/?fn=detailBiblioForm&sid=CBCDB6E5622FB9C0D3504428BE80